000 00545nam a2200193Ia 4500
005 20250508160725.0
008 008 250505s9999 xx 000 0 eng d
020 _a0-7100-7245-7
037 _aTextual
040 _aFEDL
_beng
_cFEDL
041 _aeng
_2eng
084 _a370.193, HAR
_qFEDL
100 _aHargreaves David H.
245 0 _aInterpersonal relations and education
260 _aLondon, UK
_bRoutledge and Kegan Paul
_c1972
300 _aix,446p
942 _cTEXL
_h370.193, HAR
999 _c1366245
_d1366245